Critique et littérature musicales / (Record no. 165086)

MARC details
000 -LEADER
campo de control de longitud fija 00806nam a22002055i 4500
001 - NÚMERO DE CONTROL
campo de control 165086
003 - IDENTIFICADOR DE NÚMERO DE CONTROL
campo de control ES-MaACL
005 - FECHA Y HORA DE LA ÚLTIMA TRANSACCIÓN
campo de control 20250823004926.0
008 - DATOS DE LONGITUD FIJA--INFORMACIÓN GENERAL
campo de control de longitud fija 000117s1856 fr |||| | fre d
040 ## - FUENTE DE CATALOGACIÓN
Centro catalogador/agencia de origen CAM
Lengua de catalogación spa
Centro/agencia transcriptor CAM
100 1# - ENTRADA PRINCIPAL--NOMBRE DE PERSONA
Nombre de persona Scudo, P.
9 (RLIN) 132600
245 10 - MENCIÓN DEL TÍTULO
Título Critique et littérature musicales /
Mención de responsabilidad, etc. par P. Scudo.
250 ## - MENCION DE EDICION
Mención de edición 3e éd.
260 ## - PUBLICACIÓN, DISTRIBUCIÓN, ETC.
Lugar de publicación, distribución, etc. Paris :
Nombre del editor, distribuidor, etc. Librairie de L. Hachette et c\pie\s,
Fecha de publicación, distribución, etc. 1856 (
Fabricante Imprimé par Henri Plon)
300 ## - DESCRIPCIÓN FÍSICA
Extensión 390 p. ;
Dimensiones 18 cm.
594 #1 - Nota al título y mención de responsabilidad
Nota al título y mención de responsabilidad En port.: Première série.
650 #7 - PUNTO DE ACCESO ADICIONAL DE MATERIA--TÉRMINO DE MATERIA
Término de materia o nombre geográfico como elemento de entrada Música
Fuente del encabezamiento o término embne
9 (RLIN) 15376
852 ## - LOCALIZACIÓN
Ubicación ES-MaACL
Número de control de estantería G-8550
Nota libre -- Enc. hol.
condición física -- Contiene únicamente "Deuxième série", 1859
Encuadernación -- Edic.: según BN Opale-plus la ed. completa es, " Premiére série" de 1856 y "Deuxième série" de 1859 (III, 544 p.)
Holdings
Estatus retirado Estado de pérdida Estado de daño No para préstamo Colección Biblioteca de origen Biblioteca actual Ubicación en estantería Fecha de adquisición Fuente de adquisición Total de préstamos Signatura topográfica completa Código de barras Visto por última vez Precio de reemplazo Tipo de ítem Koha
        Libros del s. XIX Biblioteca del Ateneo de Madrid Biblioteca del Ateneo de Madrid Sala Pecera Planta 3 17/01/2008     G-8550 1173093 23/02/2023 23/02/2023 Libro impreso antiguo